Spain : Financial Sector Assessment Program -Technical Note; Regulation, Supervision, and Governance of the Spanish Cajas.

This report provides the background on the financial liberalization and deregulation process with special reference to Spain's cajas de ahorros (savings banks). It provides an overview of the cajas' governance structure and analyzes the regulation and supervision of cajas, with particular...

Täydet tiedot

Bibliografiset tiedot
Yhteisötekijä: International Monetary Fund
Aineistotyyppi: Aikakauslehti
Kieli:English
Julkaistu: Washington, D.C. : International Monetary Fund, 2006.
Sarja:IMF Staff Country Reports; Country Report ; No. 2006/215
Linkit:Full text available on IMF
LEADER 01721cas a2200241 a 4500
001 AALejournalIMF009086
008 230101c9999 xx r poo 0 0eng d
020 |c 5.00 USD 
020 |z 9781451812183 
022 |a 1934-7685 
040 |a BD-DhAAL  |c BD-DhAAL 
110 2 |a International Monetary Fund. 
245 1 0 |a Spain :   |b Financial Sector Assessment Program -Technical Note; Regulation, Supervision, and Governance of the Spanish Cajas. 
264 1 |a Washington, D.C. :  |b International Monetary Fund,  |c 2006. 
300 |a 1 online resource (30 pages) 
490 1 |a IMF Staff Country Reports 
500 |a <strong>Off-Campus Access:</strong> No User ID or Password Required 
500 |a <strong>On-Campus Access:</strong> No User ID or Password Required 
506 |a Electronic access restricted to authorized BRAC University faculty, staff and students 
520 3 |a This report provides the background on the financial liberalization and deregulation process with special reference to Spain's cajas de ahorros (savings banks). It provides an overview of the cajas' governance structure and analyzes the regulation and supervision of cajas, with particular reference to the division of responsibilities between the central government (State) and the autonomous communities. It discusses the main challenges in terms of ensuring the cajas' operational autonomy and leveling between savings and commercial banks. It also summarizes the main findings and provides recommendations. 
538 |a Mode of access: Internet 
830 0 |a IMF Staff Country Reports; Country Report ;  |v No. 2006/215 
856 4 0 |z Full text available on IMF  |u http://elibrary.imf.org/view/journals/002/2006/215/002.2006.issue-215-en.xml  |z IMF e-Library